000 00533nam a22001817a 4500
005 20251108170802.0
008 250721s2002 xx 000 0 ara d
082 1 4 _a210.413343/عطا
100 1 _aعطون، أحمد موسى
245 1 0 _aإرشاد الجيران إلى العلاج بالقرآن /
264 1 _aعمان :
_bدار البيت العتيق،
_c2002.
300 _a126ص
650 1 7 _aالإسلام
650 1 7 _aالقرآن الكريم
650 1 7 _aالسحر
942 _2ddc
_cBK
999 _c48934
_d48934